[Event "48th Continental Open"]
[Site "Sturbridge, MA"]
[Date "2018.08.16"]
[Round "2.19"]
[White "Song, Alan"]
[Black "Genger, Eitan"]
[Result "1-0"]
[WhiteElo "2043"]
[BlackElo "1903"]
[PlyCount "67"]
[EventDate "2018.08.??"]
[EventType "swiss"]
[EventRounds "9"]
[EventCountry "USA"]

1. e4 c6 2. d4 d5 3. Nc3 dxe4 4. Nxe4 Nf6 5. Nxf6+ gxf6 6. c3 Bf5 7. Nf3 e6 8.
g3 Bd6 9. Bg2 Nd7 10. Qb3 Qb6 11. Nd2 Qxb3 12. axb3 O-O 13. Nc4 Bc7 14. Bh6
Rfe8 15. Ne3 Bg6 16. h4 e5 17. d5 Nc5 18. dxc6 Bb6 19. cxb7 Rad8 20. O-O Nxb3
21. Ra3 Nd2 22. Rd1 Bc5 23. b4 Bb6 24. Nd5 Nc4 25. Ne7+ Kh8 26. Rxd8 Rxd8 27.
Nc8 Rd1+ 28. Kh2 Bxf2 29. b8=Q Bg1+ 30. Kh3 Bf5+ 31. g4 Rd3+ 32. Bf3 Rxf3+ 33.
Kg2 Bd3 34. Ne7# 1-0

[Event "48th Continental Open"]
[Site "Sturbridge, MA"]
[Date "2018.08.16"]
[Round "2.20"]
[White "Padmanabhan, Karthik"]
[Black "Sage, J Timothy"]
[Result "0-1"]
[WhiteElo "1879"]
[BlackElo "2036"]
[PlyCount "92"]
[EventDate "2018.08.??"]
[EventType "swiss"]
[EventRounds "9"]
[EventCountry "USA"]

1. e4 Nc6 2. Nf3 d6 3. d4 Nf6 4. Nc3 g6 5. Be3 Bg7 6. h3 O-O 7. Qd2 e5 8. d5
Ne7 9. O-O-O Bd7 10. g4 b5 11. g5 b4 12. gxf6 bxc3 13. Qxc3 Bxf6 14. Bd3 c6 15.
dxc6 Rc8 16. Qd2 Bxc6 17. h4 d5 18. Qb4 Qc7 19. Bg5 a5 20. Qe1 Bg7 21. Bxe7
Qxe7 22. Nd2 a4 23. Kb1 a3 24. b3 Qc5 25. exd5 Bxd5 26. Ne4 Qc7 27. c4 Ba8 28.
Rg1 f5 29. Nc3 e4 30. Bf1 Qe5 31. Rc1 Rfd8 32. Rg3 Bh6 33. Rc2 Bg7 34. Rc1 Rd7
35. h5 f4 36. Rh3 Rcd8 37. Be2 Qf5 38. Bf1 e3+ 39. Rc2 e2 40. Qxe2 Rd2 41. Rd3
R2xd3 42. Nd5 R3xd5 43. cxd5 Bxd5 44. Qe7 Rc8 45. Qe2 Rxc2 46. Qxc2 Be4 0-1

[Event "48th Continental Open"]
[Site "Sturbridge, MA"]
[Date "2018.08.16"]
[Round "2.21"]
[White "Tanaka, Tyler"]
[Black "Li, Jerry"]
[Result "0-1"]
[WhiteElo "2007"]
[BlackElo "1943"]
[PlyCount "104"]
[EventDate "2018.08.??"]
[EventType "swiss"]
[EventRounds "9"]
[EventCountry "USA"]

1. e4 c5 2. Nf3 e6 3. d4 cxd4 4. Nxd4 a6 5. c4 Nf6 6. Nc3 Qc7 7. a3 Be7 8. Be3
b6 9. Be2 O-O 10. O-O Nc6 11. Rc1 Bb7 12. f3 Ne5 13. b4 d6 14. f4 Ned7 15. Bf3
Rfe8 16. f5 exf5 17. Nd5 Bxd5 18. cxd5 Qb7 19. exf5 Bf8 20. Bf4 Ne5 21. Nc6 Qd7
22. g4 h6 23. h3 Nh7 24. Re1 Nxf3+ 25. Qxf3 Nf6 26. Be3 b5 27. Bd4 Nh7 28. h4
Be7 29. Qg3 Bf6 30. Be3 Be5 31. Bf4 Bxf4 32. Qxf4 Nf6 33. Qf3 Rxe1+ 34. Rxe1
Re8 35. Rd1 Re4 36. Rd4 Rxd4 37. Nxd4 Qa7 38. Qf2 Nxg4 39. Qf4 Nf6 40. Kh2 Nxd5
41. Qe4 Nf6 42. Qf4 Qe7 43. Nf3 d5 44. Nd4 Nh5 45. Qg4 Qe5+ 46. Kg1 Nf6 47. Qd1
Qg3+ 48. Kf1 Ne4 49. Qc2 Qh3+ 50. Ke1 Qe3+ 51. Ne2 Qf2+ 52. Kd1 Qf1# 0-1

[Event "48th Continental Open"]
[Site "Sturbridge, MA"]
[Date "2018.08.16"]
[Round "2.22"]
[White "Chin, Jonathan"]
[Black "Kavi, Nithin"]
[Result "0-1"]
[WhiteElo "1810"]
[BlackElo "1995"]
[PlyCount "140"]
[EventDate "2018.08.??"]
[EventType "swiss"]
[EventRounds "9"]
[EventCountry "USA"]

1. e4 c5 2. Nf3 d6 3. d4 cxd4 4. Nxd4 Nf6 5. Nc3 a6 6. h3 e5 7. Nde2 h5 8. g3
Be7 9. Bg2 b5 10. Nd5 Bb7 11. Nec3 Nbd7 12. Be3 O-O 13. O-O Rc8 14. a4 Nxd5 15.
Nxd5 Bxd5 16. exd5 h4 17. axb5 axb5 18. Qe2 Bg5 19. Bxg5 Qxg5 20. Qxb5 Nf6 21.
Qd3 e4 22. Bxe4 hxg3 23. f4 Qh4 24. Bg2 Ng4 25. Ra3 Rfe8 26. Qxg3 Qxg3 27. Rxg3
Ne3 28. Re1 Nxc2 29. Rxe8+ Rxe8 30. Rd3 Rb8 31. Rd2 Ne3 32. Be4 Rb4 33. Bf3
Rxf4 34. Kf2 Nc4 35. Rc2 Ne5 36. Rc3 Nxf3 37. Rxf3 Rd4 38. Ke3 Rxd5 39. Ke4 Rb5
40. Rd3 Rxb2 41. Rxd6 Rb3 42. h4 Rb4+ 43. Kf5 Rxh4 44. Rd8+ Kh7 45. Rd7 Rh1 46.
Kg5 Rg1+ 47. Kf5 Rf1+ 48. Kg5 f6+ 49. Kh5 Rh1+ 50. Kg4 Kg6 51. Ra7 f5+ 52. Kf4
Rf1+ 53. Kg3 Kf6 54. Ra6+ Kg5 55. Rb6 Rc1 56. Rb3 Re1 57. Rb4 Re3+ 58. Kf2 Ra3
59. Kg2 f4 60. Rb7 g6 61. Rb6 Rg3+ 62. Kf2 Kh4 63. Rb8 g5 64. Rh8+ Kg4 65. Rh7
Ra3 66. Rb7 Ra2+ 67. Kg1 Kg3 68. Rb1 f3 69. Kh1 Rh2+ 70. Kg1 f2+ 0-1

[Event "48th Continental Open"]
[Site "Sturbridge, MA"]
[Date "2018.08.16"]
[Round "2.23"]
[White "Poliannikov, Danila"]
[Black "Lu, Jason"]
[Result "1/2-1/2"]
[WhiteElo "1994"]
[BlackElo "1826"]
[PlyCount "101"]
[EventDate "2018.08.??"]
[EventType "swiss"]
[EventRounds "9"]
[EventCountry "USA"]
[TimeControl "6000+10"]
[WhiteClock "0:15:55"]
[BlackClock "0:02:20"]

1. e4 {[%emt 0:00:10]} c5 2. Nf3 {[%emt 0:00:11]} d6 {[%emt 0:00:30]} 3. d4 {
[%emt 0:00:10]} cxd4 {[%emt 0:00:12]} 4. Nxd4 {[%emt 0:00:10]} Nf6 {[%emt 0:00:
11]} 5. Nc3 {[%emt 0:00:11]} a6 {[%emt 0:00:10]} 6. g3 {[%emt 0:00:24]} b5 {
[%emt 0:07:19]} 7. Bg2 {[%emt 0:00:11]} Bb7 {[%emt 0:01:37]} 8. a4 {[%emt 0:07:
15]} bxa4 {[%emt 0:08:23]} 9. O-O {[%emt 0:03:25]} e6 {[%emt 0:00:11]} 10. Rxa4
{[%emt 0:03:10]} Nbd7 {[%emt 0:05:47]} 11. Nb3 {[%emt 0:01:57]} Rb8 {[%emt 0:
08:29]} 12. Qe2 {[%emt 0:11:41]} Be7 {[%emt 0:18:02]} 13. Be3 {[%emt 0:02:49]}
O-O {[%emt 0:10:05]} 14. Rd1 {[%emt 0:09:14]} Nb6 {[%emt 0:10:34]} 15. Rb4 {
[%emt 0:02:10]} Nfd7 {[%emt 0:02:24]} 16. Na4 {[%emt 0:15:46]} Nxa4 {[%emt 0:
03:13]} 17. Rxa4 {[%emt 0:00:10]} Bc6 {[%emt 0:00:10]} 18. Raa1 {[%emt 0:14:24]
} Bb5 {[%emt 0:00:11]} 19. c4 {[%emt 0:04:10]} Bc6 {[%emt 0:00:10]} 20. Rxa6 {
[%emt 0:10:35]} Qc8 {[%emt 0:05:53]} 21. Ra3 {[%emt 0:08:54]} d5 {[%emt 0:00:
11]} 22. exd5 {[%emt 0:00:10]} Bxd5 {[%emt 0:00:11]} 23. cxd5 {[%emt 0:00:10]}
Bxa3 {[%emt 0:00:11]} 24. bxa3 {[%emt 0:00:11]} Rxb3 {[%emt 0:00:11]} 25. dxe6
{[%emt 0:00:53]} fxe6 {[%emt 0:10:30]} 26. Qa2 {[%emt 0:00:11]} Qc3 {[%emt 0:
00:12]} 27. Bd4 {[%emt 0:00:10]} Qc4 {[%emt 0:00:00]} 28. Bxg7 {[%emt 0:00:11]}
Kxg7 {[%emt 0:00:00]} 29. Rxd7+ {[%emt 0:00:11]} Rf7 {[%emt 0:00:00]} 30. Qa1+
{[%emt 0:00:11]} Rc3 {[%emt 0:00:00]} 31. Bf1 {[%emt 0:00:12]} Qc5 {[%emt 0:00:
00]} 32. Rxf7+ {[%emt 0:00:15]} Kxf7 {[%emt 0:00:00]} 33. Qb1 {[%emt 0:00:12]}
Rc2 {[%emt 0:00:00]} 34. Qb7+ {[%emt 0:00:12]} Kg8 {[%emt 0:00:00]} 35. Qf3 {
[%emt 0:00:14]} Qd4 {[%emt 0:00:00]} 36. Bd3 {[%emt 0:00:11]} Rb2 {[%emt 0:00:
00]} 37. Kg2 {[%emt 0:00:13]} Kg7 {[%emt 0:00:00]} 38. Be4 {[%emt 0:00:13]} Qd2
{[%emt 0:00:00]} 39. Qg4+ {[%emt 0:00:11]} Kh8 {[%emt 0:00:00]} 40. Qf3 {
[%emt 0:00:10]} Kg7 {[%emt 0:00:00]} 41. Bd3 {[%emt 0:00:00]} h5 {[%emt 0:05:
50]} 42. Bc4 {[%emt 0:00:00]} Qh6 {[%emt 0:03:47]} 43. a4 {[%emt 0:00:00]} Qf6
{[%emt 0:00:11]} 44. Qe3 {[%emt 0:00:00]} Rb4 {[%emt 0:00:24]} 45. Bb5 {
[%emt 0:05:48]} h4 {[%emt 0:00:10]} 46. Bd7 {[%emt 0:00:00]} h3+ {[%emt 0:00:
11]} 47. Kxh3 {[%emt 0:00:00]} Qf5+ {[%emt 0:00:10]} 48. Kg2 {[%emt 0:00:00]}
Qd5+ {[%emt 0:00:10]} 49. Kh3 {[%emt 0:00:00]} Qxd7 {[%emt 0:00:10]} 50. Qg5+ {
[%emt 0:00:00]} Kf7 {[%emt 0:00:10]} 51. Qh5+ {[%emt 0:00:00]} 1/2-1/2

[Event "48th Continental Open"]
[Site "Sturbridge, MA"]
[Date "2018.08.16"]
[Round "2.24"]
[White "Fiedler, Brian"]
[Black "Cui, Cynthia"]
[Result "1/2-1/2"]
[WhiteElo "1978"]
[BlackElo "1798"]
[PlyCount "50"]
[EventDate "2018.08.??"]
[EventType "swiss"]
[EventRounds "9"]
[EventCountry "USA"]

1. g3 e6 2. Bg2 Nf6 3. d3 d5 4. Nf3 c5 5. O-O Be7 6. Nbd2 O-O 7. e4 Nc6 8. e5
Nd7 9. Re1 Qc7 10. Qe2 b6 11. Nf1 Ba6 12. a3 c4 13. d4 b5 14. c3 Bb7 15. Bf4 a5
16. h4 b4 17. N1h2 Na7 18. Ng5 h6 19. Qh5 hxg5 20. hxg5 Rfb8 21. Ng4 Qd8 22. g6
fxg6 23. Qxg6 Nf8 24. Nh6+ Kh8 25. Nf7+ Kg8 1/2-1/2

[Event "48th Continental Open"]
[Site "Sturbridge, MA"]
[Date "2018.08.17"]
[Round "3.1"]
[White "Gorovets, Andrey"]
[Black "Baryshpolets, Andrey"]
[Result "1-0"]
[WhiteElo "2495"]
[BlackElo "2609"]
[PlyCount "101"]
[EventDate "2018.08.??"]
[EventType "swiss"]
[EventRounds "9"]
[EventCountry "USA"]

1. d4 d5 2. c4 e6 3. Nc3 c6 4. e4 dxe4 5. Nxe4 Bb4+ 6. Nc3 c5 7. a3 Ba5 8. Be3
Nf6 9. Nge2 cxd4 10. Nxd4 Ne4 11. b4 Nxc3 12. Qc2 e5 13. Nf3 Bc7 14. Qxc3 O-O
15. Rd1 Qf6 16. Be2 Nc6 17. O-O h6 18. b5 Ne7 19. Bc5 Re8 20. Bd3 Ng6 21. Be4
Nf4 22. Rfe1 g5 23. g3 Nh3+ 24. Kg2 g4 25. Ng1 Ng5 26. Bd5 Kg7 27. f4 gxf3+ 28.
Nxf3 Bh3+ 29. Kg1 Ba5 30. Bb4 Bxb4 31. axb4 Rad8 32. Nxg5 hxg5 33. Qe3 b6 34.
g4 Rh8 35. Qxe5 Rh4 36. Rd4 Rd7 37. Qxf6+ Kxf6 38. Ree4 Re7 39. Rxe7 Kxe7 40.
Bf3 f5 41. c5 fxg4 42. Bg2 Bxg2 43. Kxg2 g3 44. Rxh4 gxh4 45. c6 gxh2 46. Kxh2
Kd6 47. Kh3 Kc7 48. Kxh4 Kc8 49. Kg5 Kc7 50. Kf6 Kc8 51. Ke7 1-0

[Event "48th Continental Open"]
[Site "Sturbridge, MA"]
[Date "2018.08.17"]
[Round "3.2"]
[White "Vorontsov, Pavlo"]
[Black "Kumar, Aravind"]
[Result "1-0"]
[WhiteElo "2578"]
[BlackElo "2169"]
[PlyCount "87"]
[EventDate "2018.08.??"]
[EventType "swiss"]
[EventRounds "9"]
[EventCountry "USA"]

1. Nf3 d5 2. g3 Nc6 3. Bg2 e5 4. d3 Be6 5. O-O h6 6. c3 Nf6 7. b4 Bd6 8. b5 Nb8
9. c4 c6 10. bxc6 bxc6 11. Nbd2 O-O 12. Qa4 Nfd7 13. Ba3 Qe7 14. Bxd6 Qxd6 15.
Rab1 Nc5 16. Qa3 d4 17. Nb3 Nbd7 18. Nfd2 Rfd8 19. Nxc5 Nxc5 20. Nb3 Nxb3 21.
Rxb3 Qxa3 22. Rxa3 Bd7 23. Rb1 Rdb8 24. Rbb3 Rxb3 25. axb3 a5 26. f4 exf4 27.
gxf4 Ra7 28. c5 Rb7 29. Rxa5 Rxb3 30. Ra8+ Kh7 31. Ra7 Be6 32. Bxc6 Rc3 33. Rc7
Bg4 34. Kf2 Rc2 35. Bf3 Bxf3 36. Kxf3 f5 37. h4 Rc3 38. h5 Kg8 39. c6 Kf8 40.
Rc8+ Ke7 41. c7 Kd6 42. Rd8+ Kxc7 43. Rxd4 Kc6 44. Rd8 1-0

[Event "48th Continental Open"]
[Site "Sturbridge, MA"]
[Date "2018.08.17"]
[Round "3.3"]
[White "Mulyar, Michael"]
[Black "Barbosa, Oliver"]
[Result "0-1"]
[WhiteElo "2374"]
[BlackElo "2545"]
[PlyCount "104"]
[EventDate "2018.08.??"]
[EventType "swiss"]
[EventRounds "9"]
[EventCountry "USA"]

1. d4 d5 2. c4 c6 3. Nf3 Nf6 4. Nc3 dxc4 5. a4 e6 6. e3 c5 7. Bxc4 Nc6 8. O-O
cxd4 9. exd4 Be7 10. Qe2 O-O 11. Rd1 Nb4 12. a5 Bd7 13. Ne5 Be8 14. Bg5 Nfd5
15. Bxd5 exd5 16. Nd3 f6 17. Bf4 Rc8 18. Nc5 Bxc5 19. dxc5 Rxc5 20. Qe6+ Bf7
21. Qd6 Rc4 22. Ra4 Nc6 23. Rxc4 dxc4 24. Qxd8 Rxd8 25. Rxd8+ Nxd8 26. Nb5 a6
27. Nd6 Bd5 28. f3 Kf8 29. Kf2 Ne6 30. Be3 Ke7 31. Nf5+ Kd7 32. Bb6 g6 33. Ne3
Nf4 34. Bd4 Ke6 35. Bc3 f5 36. Nc2 Kd6 37. Bb4+ Kd7 38. Bc3 g5 39. Nd4 Nd3+ 40.
Ke2 f4 41. Kd2 h5 42. b3 Ne5 43. Nf5 Ng6 44. bxc4 Bxc4 45. Ke1 Bf7 46. Kf2 Nf8
47. Ng7 Bg6 48. h4 gxh4 49. Bd2 Nh7 50. Bxf4 Ke7 51. Bh6 Kf7 52. f4 Nf6 0-1

[Event "48th Continental Open"]
[Site "Sturbridge, MA"]
[Date "2018.08.17"]
[Round "3.4"]
[White "Matsenko, Sergei"]
[Black "Wu, Brandon"]
[Result "1-0"]
[WhiteElo "2533"]
[BlackElo "1980"]
[PlyCount "111"]
[EventDate "2018.08.??"]
[EventType "swiss"]
[EventRounds "9"]
[EventCountry "USA"]

1. Nf3 Nf6 2. c4 g6 3. Nc3 d5 4. cxd5 Nxd5 5. Qa4+ Bd7 6. Qh4 Nb6 7. d4 h5 8.
Bf4 Bg7 9. Qg3 Na6 10. e3 Rc8 11. Bxa6 bxa6 12. Be5 O-O 13. Bxg7 Kxg7 14. Qe5+
f6 15. Qc5 Rb8 16. d5 Bg4 17. Nd4 Qd6 18. Qxd6 cxd6 19. b3 Rfc8 20. Kd2 Rc5 21.
e4 Bd7 22. Nce2 a5 23. Nf4 Kf7 24. a4 Na8 25. Nd3 Rcc8 26. Rhc1 e5 27. dxe6+
Bxe6 28. Nf4 Bd7 29. h4 Nc7 30. Rc3 Na6 31. Rxc8 Rxc8 32. Rc1 Nc5 33. f3 Rb8
34. Rc3 g5 35. hxg5 fxg5 36. Nxh5 Rb4 37. Ke3 Be6 38. Ng3 Bxb3 39. Ngf5 Rb6 40.
Nxd6+ Rxd6 41. Rxc5 Bxa4 42. Rxa5 Be8 43. Rxa7+ Rd7 44. Ra5 Kf6 45. Rf5+ Kg6
46. Ne6 Rf7 47. Rxg5+ Kh6 48. Rg8 Re7 49. Nd4 Bg6 50. g4 Kh7 51. Rd8 Ra7 52.
Kf4 Ra5 53. Rd7+ Kh8 54. e5 Bh7 55. e6 Bg8 56. e7 1-0

[Event "48th Continental Open"]
[Site "Sturbridge, MA"]
[Date "2018.08.17"]
[Round "3.5"]
[White "Mishra, Abhimanyu"]
[Black "Kim, Yoon-Young"]
[Result "0-1"]
[WhiteElo "2166"]
[BlackElo "2360"]
[PlyCount "164"]
[EventDate "2018.08.??"]
[EventType "swiss"]
[EventRounds "9"]
[EventCountry "USA"]

1. e4 e5 2. Nf3 Nc6 3. Bc4 Bc5 4. c3 Nf6 5. d3 a6 6. O-O Ba7 7. Re1 d6 8. Bb3
h6 9. Be3 Bxe3 10. Rxe3 O-O 11. Re1 Nh5 12. Nbd2 Qf6 13. Nf1 Bg4 14. Ne3 Bxf3
15. Qxf3 Qxf3 16. gxf3 Ne7 17. d4 Ng6 18. Ng2 Rfd8 19. Rad1 Nhf4 20. Rd2 Nxg2
21. Kxg2 Kf8 22. Red1 f6 23. d5 Nh4+ 24. Kg3 g5 25. Bc2 Ke7 26. Re2 h5 27. Re3
Rg8 28. h3 Rg7 29. Rg1 Ng6 30. Ree1 Nf4 31. Kh2 Rag8 32. Bd1 Rf8 33. Bc2 Rh8
34. Bd1 Rf8 35. Bc2 Rfg8 36. Bd1 Nd3 37. Re2 f5 38. Rd2 Nf4 39. exf5 Kf6 40.
Bc2 Rh8 41. Bd1 Kxf5 42. Bc2+ Kf6 43. Bd1 a5 44. c4 Rb8 45. a4 Rd8 46. Bc2 Rb8
47. Bd1 Rd7 48. Be2 c6 49. b3 cxd5 50. cxd5 Rc7 51. h4 gxh4 52. Bc4 Rg7 53.
Rxg7 Kxg7 54. Rd1 Rc8 55. Re1 Rc5 56. Rg1+ Kf7 57. Re1 Rc8 58. Rc1 Ne2 59. Re1
Nf4 60. Rd1 Kf6 61. Rd2 Kf5 62. Bd3+ Nxd3 63. Rxd3 Rc2 64. Kg2 Kf4 65. Re3 h3+
66. Kxh3 Rxf2 67. Re4+ Kxf3 68. Rh4 Rd2 69. Rxh5 Rxd5 70. Rh7 b5 71. Rb7 bxa4
72. bxa4 e4 73. Rf7+ Ke2 74. Re7 e3 75. Kg3 Kd2 76. Kf3 Rf5+ 77. Kg4 Re5 78.
Rd7 e2 79. Rxd6+ Kc3 80. Rc6+ Kb4 81. Rc1 e1=Q 82. Rxe1 Rxe1 0-1

[Event "48th Continental Open"]
[Site "Sturbridge, MA"]
[Date "2018.08.17"]
[Round "3.6"]
[White "Graif, William"]
[Black "Otchiyev, Arslan"]
[Result "1/2-1/2"]
[WhiteElo "2123"]
[BlackElo "2333"]
[PlyCount "105"]
[EventDate "2018.08.??"]
[EventType "swiss"]
[EventRounds "9"]
[EventCountry "USA"]

1. e4 e5 2. Nf3 Nc6 3. Bc4 Nf6 4. d3 Bc5 5. c3 a6 6. a4 a5 7. O-O O-O 8. d4 Bd6
9. Re1 h6 10. Qb3 Nh5 11. g3 Qf6 12. Qd1 Re8 13. Nh4 g6 14. d5 Ne7 15. Bxh6 Bc5
16. Qf3 d6 17. Na3 Bd7 18. Nb5 Qh8 19. Be3 Bxe3 20. Qxe3 Rac8 21. Na7 Rcd8 22.
Nb5 Rc8 23. b4 Kg7 24. bxa5 Nf4 25. gxf4 Qxh4 26. fxe5 dxe5 27. Qg3 Qf6 28. Re3
Bxb5 29. axb5 Rh8 30. a6 Ra8 31. Rd1 Qd6 32. Rf1 f6 33. f4 Rh5 34. Be2 exf4 35.
Qxf4 Re5 36. Ref3 bxa6 37. bxa6 f5 38. Bd3 Rf8 39. Rh3 Ng8 40. Qh4 Rf7 41. Qh8+
Kf8 42. Qxe5 Qxe5 43. a7 Qe8 44. Rb1 c6 45. Rb8 Rxa7 46. Rxe8+ Kxe8 47. d6 Ra1+
48. Kf2 fxe4 49. Bxe4 Kd7 50. Rd3 Nf6 51. Bxg6 Ra5 52. c4 Rg5 53. Rg3 1/2-1/2

[Event "48th Continental Open"]
[Site "Sturbridge, MA"]
[Date "2018.08.17"]
[Round "3.8"]
[White "Sage, J Timothy"]
[Black "Isakov, Michael"]
[Result "0-1"]
[WhiteElo "2036"]
[BlackElo "2163"]
[PlyCount "84"]
[EventDate "2018.08.??"]
[EventType "swiss"]
[EventRounds "9"]
[EventCountry "USA"]
[TimeControl "6000+10"]
[WhiteClock "0:11:51"]

1. d4 {[%emt 0:00:10]} d5 2. c4 {[%emt 0:00:11]} e6 {[%emt 0:00:31]} 3. Nc3 {
[%emt 0:00:35]} Be7 {[%emt 0:00:16]} 4. Nf3 {[%emt 0:00:19]} Nf6 {[%emt 0:00:
13]} 5. Bg5 {[%emt 0:00:18]} O-O {[%emt 0:00:30]} 6. e3 {[%emt 0:00:22]} Nbd7 {
[%emt 0:00:22]} 7. Qc2 {[%emt 0:00:35]} h6 {[%emt 0:01:25]} 8. cxd5 {[%emt 0:
04:33]} exd5 {[%emt 0:07:16]} 9. Bf4 {[%emt 0:00:32]} c5 {[%emt 0:06:17]} 10.
Bd3 {[%emt 0:08:00]} Qa5 {[%emt 0:04:19]} 11. O-O {[%emt 0:02:50]} Rd8 {
[%emt 0:05:03]} 12. Rfe1 {[%emt 0:08:53]} Nf8 {[%emt 0:06:43]} 13. dxc5 {
[%emt 0:07:20]} Qxc5 {[%emt 0:05:15]} 14. Nd4 {[%emt 0:06:15]} Bd7 {[%emt 0:04:
46]} 15. Nf5 {[%emt 0:04:54]} Bxf5 {[%emt 0:11:36]} 16. Bxf5 {[%emt 0:01:01]}
Bd6 {[%emt 0:00:16]} 17. Bxd6 {[%emt 0:04:26]} Rxd6 {[%emt 0:07:33]} 18. Ne2 {
[%emt 0:00:12]} Qb6 {[%emt 0:06:29]} 19. Nd4 {[%emt 0:10:49]} Ne6 {[%emt 0:00:
13]} 20. Red1 {[%emt 0:00:11]} Nxd4 {[%emt 0:01:15]} 21. Rxd4 {[%emt 0:00:35]}
Rc6 {[%emt 0:00:22]} 22. Qe2 {[%emt 0:01:43]} g6 {[%emt 0:00:12]} 23. Bh3 {
[%emt 0:01:15]} Re8 {[%emt 0:09:28]} 24. Rad1 {[%emt 0:00:39]} Re4 {[%emt 0:00:
30]} 25. g3 {[%emt 0:02:09]} Rxd4 {[%emt 0:01:57]} 26. Rxd4 {[%emt 0:01:20]}
Rc1+ {[%emt 0:02:32]} 27. Rd1 {[%emt 0:03:28]} Rxd1+ {[%emt 0:00:10]} 28. Qxd1
{[%emt 0:00:10]} Qxb2 {[%emt 0:00:25]} 29. a4 {[%emt 0:10:09]} Ne4 {[%emt 0:00:
11]} 30. Qe1 {[%emt 0:00:46]} Nc3 {[%emt 0:09:25]} 31. a5 {[%emt 0:02:12]} b5 {
[%emt 0:01:49]} 32. axb6 {[%emt 0:00:11]} axb6 {[%emt 0:00:10]} 33. Bg2 {
[%emt 0:00:12]} b5 {[%emt 0:00:11]} 34. e4 {[%emt 0:00:13]} d4 {[%emt 0:01:08]}
35. Bf1 {[%emt 0:00:42]} Qc2 {[%emt 0:03:45]} 36. e5 {[%emt 0:00:32]} d3 {
[%emt 0:03:17]} 37. e6 {[%emt 0:00:10]} Ne2+ {[%emt 0:00:00]} 38. Bxe2 {
[%emt 0:03:04]} Qxe2 {[%emt 0:00:00]} 39. Qc3 {[%emt 0:00:49]} d2 {[%emt 0:00:
00]} 40. Qc8+ {[%emt 0:00:11]} Kh7 {[%emt 0:00:36]} 41. exf7 {[%emt 0:02:02]}
d1=Q+ {[%emt 0:00:27]} 42. Kg2 {[%emt 0:00:11]} Qdf1# {[%emt 0:00:17]} 0-1

[Event "48th Continental Open"]
[Site "Sturbridge, MA"]
[Date "2018.08.17"]
[Round "3.9"]
[White "Botta, Alejandro"]
[Black "Barash, Anton"]
[Result "1-0"]
[WhiteElo "2156"]
[BlackElo "1972"]
[PlyCount "115"]
[EventDate "2018.08.??"]
[EventType "swiss"]
[EventRounds "9"]
[EventCountry "USA"]

1. Nf3 d5 2. d4 Nf6 3. e3 e6 4. Nbd2 Bd6 5. Bd3 O-O 6. O-O b6 7. e4 dxe4 8.
Nxe4 Bb7 9. Nxf6+ gxf6 10. Bh6 Re8 11. Ne5 f5 12. Qh5 Qf6 13. Ng4 fxg4 14.
Bxh7+ Kh8 15. Bg5 Qxg5 16. Qxg5 Kxh7 17. Qh5+ Kg7 18. Qxg4+ Kf8 19. Rfe1 Ke7
20. Rad1 Nd7 21. g3 Rg8 22. Qe2 Nf6 23. c4 Bb4 24. Rf1 Rh8 25. d5 Rh7 26. Qf3
Bd6 27. b4 Rah8 28. c5 Bxd5 29. cxd6+ cxd6 30. Rxd5 Nxd5 31. Rd1 Rxh2 32. a3
Rh1+ 33. Qxh1 Rxh1+ 34. Kxh1 Kd7 35. Rc1 Nc7 36. Kg2 d5 37. Kf3 Kd6 38. Kf4 e5+
39. Kf5 d4 40. f4 exf4 41. gxf4 Nb5 42. Ke4 Nxa3 43. Kxd4 Nb5+ 44. Ke4 Nc7 45.
Ra1 a6 46. Rh1 Ke6 47. f5+ Ke7 48. Rh7 a5 49. bxa5 bxa5 50. Ke5 a4 51. f6+ Ke8
52. Kd6 Nb5+ 53. Kc6 Nd4+ 54. Kc7 Nb5+ 55. Kc6 Nd4+ 56. Kd5 Nb5 57. Kc5 Nc3 58.
Kc6 1-0

[Event "48th Continental Open"]
[Site "Sturbridge, MA"]
[Date "2018.08.17"]
[Round "3.10"]
[White "Kavi, Nithin"]
[Black "Falcao, Wesley"]
[Result "1-0"]
[WhiteElo "1995"]
[BlackElo "2148"]
[PlyCount "95"]
[EventDate "2018.08.??"]
[EventType "swiss"]
[EventRounds "9"]
[EventCountry "USA"]
[TimeControl "6000+10"]
[WhiteClock "0:00:23"]
[BlackClock "0:00:13"]

1. Nf3 {[%emt 0:00:10]} c5 {[%emt 0:00:22]} 2. c4 {[%emt 0:00:12]} g6 {[%emt 0:
00:12]} 3. e4 {[%emt 0:00:13]} Bg7 {[%emt 0:00:11]} 4. d4 {[%emt 0:00:12]} cxd4
{[%emt 0:00:10]} 5. Nxd4 {[%emt 0:00:10]} Nc6 {[%emt 0:00:13]} 6. Be3 {[%emt 0:
00:13]} Nf6 {[%emt 0:00:10]} 7. Nc3 {[%emt 0:00:11]} d6 {[%emt 0:00:12]} 8. Be2
{[%emt 0:00:13]} O-O {[%emt 0:01:21]} 9. O-O {[%emt 0:00:21]} Bd7 {[%emt 0:01:
07]} 10. Nc2 {[%emt 0:01:10]} Qa5 {[%emt 0:03:14]} 11. f3 {[%emt 0:02:21]} Rfc8
{[%emt 0:00:48]} 12. Qd2 {[%emt 0:01:18]} Ne5 {[%emt 0:04:36]} 13. c5 {[%emt 0:
07:55]} Be6 {[%emt 0:24:03]} 14. cxd6 {[%emt 0:17:08]} exd6 {[%emt 0:00:10]}
15. Qxd6 {[%emt 0:01:04]} Bf8 {[%emt 0:07:55]} 16. Qd2 {[%emt 0:09:31]} Rd8 {
[%emt 0:01:07]} 17. Qe1 {[%emt 0:01:04]} Qc7 {[%emt 0:04:05]} 18. Nd4 {[%emt 0:
09:05]} a6 {[%emt 0:09:08]} 19. Qf2 {[%emt 0:04:30]} Bc4 {[%emt 0:02:18]} 20.
Rfd1 {[%emt 0:01:10]} b5 {[%emt 0:04:27]} 21. Rac1 {[%emt 0:04:01]} Qb7 {
[%emt 0:00:26]} 22. Bg5 {[%emt 0:06:19]} Be7 {[%emt 0:03:18]} 23. Qg3 {[%emt 0:
04:54]} Nh5 {[%emt 0:05:23]} 24. Qh4 {[%emt 0:01:38]} f6 {[%emt 0:00:49]} 25.
Be3 {[%emt 0:00:58]} b4 {[%emt 0:01:11]} 26. Nd5 {[%emt 0:03:14]} Rxd5 {
[%emt 0:02:34]} 27. exd5 {[%emt 0:00:59]} Bxd5 {[%emt 0:00:53]} 28. f4 {
[%emt 0:03:06]} f5 {[%emt 0:02:00]} 29. Qh3 {[%emt 0:02:22]} Ng4 {[%emt 0:01:
12]} 30. Nxf5 {[%emt 0:02:18]} gxf5 {[%emt 0:04:44]} 31. Rxd5 {[%emt 0:00:30]}
Qxd5 {[%emt 0:00:17]} 32. Bc4 {[%emt 0:00:23]} Qxc4 {[%emt 0:00:59]} 33. Rxc4 {
[%emt 0:00:14]} Rd8 {[%emt 0:00:47]} 34. Rc1 {[%emt 0:01:30]} Nhf6 {[%emt 0:01:
35]} 35. Bb6 {[%emt 0:00:40]} Rd6 {[%emt 0:05:45]} 36. Qb3+ {[%emt 0:00:41]}
Kg7 {[%emt 0:00:17]} 37. Bc7 {[%emt 0:03:00]} Rd7 {[%emt 0:00:40]} 38. h3 {
[%emt 0:01:29]} Nd5 {[%emt 0:05:32]} 39. hxg4 {[%emt 0:01:53]} Nxc7 {[%emt 0:
00:15]} 40. gxf5 {[%emt 0:01:50]} Bf6 {[%emt 0:00:30]} 41. Rd1 {[%emt 0:01:51]}
Bd4+ {[%emt 0:00:47]} 42. Kf1 {[%emt 0:00:31]} Rd6 {[%emt 0:01:18]} 43. Qxb4 {
[%emt 0:01:31]} Nb5 {[%emt 0:00:05]} 44. Qxd6 {[%emt 0:02:07]} Nxd6 {[%emt 0:
00:11]} 45. Rxd4 {[%emt 0:00:11]} Nxf5 {[%emt 0:00:15]} 46. Ra4 {[%emt 0:00:21]
} Ne3+ {[%emt 0:00:03]} 47. Kf2 {[%emt 0:00:44]} Nd5 {[%emt 0:00:12]} 48. Kf3 {
[%emt 0:00:11]} 1-0

[Event "48th Continental Open"]
[Site "Sturbridge, MA"]
[Date "2018.08.17"]
[Round "3.11"]
[White "Shanmugasundaram, Coimbatore"]
[Black "Ramanathan, Suraj"]
[Result "1/2-1/2"]
[WhiteElo "2147"]
[BlackElo "1961"]
[PlyCount "38"]
[EventDate "2018.08.??"]
[EventType "swiss"]
[EventRounds "9"]
[EventCountry "USA"]

1. c4 Nf6 2. g3 g6 3. Bg2 Bg7 4. d4 d6 5. Nc3 O-O 6. Nf3 c5 7. O-O Nc6 8. d5
Na5 9. Qd3 a6 10. e4 Rb8 11. Nd2 Bd7 12. h3 b5 13. Kh2 bxc4 14. Nxc4 Nxc4 15.
Qxc4 Bb5 16. Nxb5 axb5 17. Qc2 Nd7 18. f4 c4 19. Bd2 Qc7 1/2-1/2